| 000 | 00420cam a2200169 4500 | ||
|---|---|---|---|
| 001 | D12584 | ||
| 008 | 090401t1944 xxu||||| |||| 00| 0 eng d | ||
| 035 | _a(Sirsi) u4423 | ||
| 041 | _aeng | ||
| 100 | _aDavies, B Price | ||
| 245 | _aBuilding laws, byelaws and regulations | ||
| 260 |
_aCardiff _bThe Building Estimator Publications _c1944 |
||
| 350 | _a0 | ||
| 520 | _aShelf 153 | ||
| 942 | _n0 | ||
| 948 | _c04/03/1997 | ||
| 999 |
_c86026 _d86026 |
||